| Tag |
First Indicator |
Second Indicator |
Subfields |
| LEADER |
00000cam a2200000I 4500 |
| 001 |
in00002000494 |
| 005 |
20151031131852.0 |
| 008 |
800626s1968 cs a 000 0 cze d |
| 035 |
|
|
|a (OCoLC)ocm06464975
|
| 040 |
|
|
|a AZU
|c AZU
|d OCL
|d OCLCQ
|d TXA
|d UtOrBLW
|
| 049 |
|
|
|a TXAM
|
| 090 |
|
|
|a Z2514.U5
|b S7
|
| 245 |
0 |
0 |
|a Sto padesát let česko-ukrajinských literárních styků, 1814-1964 ;
|b védecko-bibliografický sborník /
|c [Red. ... Orest Zilynskyj].
|
| 264 |
|
1 |
|a Praha :
|b Svět Sovětů,
|c [1968]
|
| 264 |
|
4 |
|c [©1968]
|
| 300 |
|
|
|a 477 pages :
|b illustrations ;
|c 21 cm.
|
| 336 |
|
|
|a text
|b txt
|2 rdacontent
|
| 337 |
|
|
|a unmediated
|b n
|2 rdamedia
|
| 338 |
|
|
|a volume
|b nc
|2 rdacarrier
|
| 500 |
|
|
|a At head of title: Státni knihovna Československé socialistické republiky (Slovanská knihovna), Ústav jazyku a literatur Českoslovnské akademie věd.
|
| 500 |
|
|
|a Title also in Ukrainian.
|
| 500 |
|
|
|a "Vydáno k VI. Mezinárodnímu sjezdu slavistů v Prase."
|
| 650 |
|
0 |
|a Czech literature
|x Translations from Ukrainian
|v Bibliography.
|
| 650 |
|
0 |
|a Ukrainian literature
|x Translations from Czech
|v Bibliography.
|
| 700 |
1 |
|
|a Zilynskyj, Orest,
|e editor.
|
| 711 |
2 |
|
|a International Congress of Slavists
|n (6th :
|d 1968 :
|c Prague)
|
| 948 |
|
|
|a cataloged
|b h
|c 2004/11/9
|d c
|e tchubaryan
|f 1:19:30 pm
|
| 994 |
|
|
|a E0
|b TXA
|
| 999 |
|
|
|a MARS
|
| 999 |
f |
f |
|s 8c4dcecc-c32c-326a-8a9e-b5254342902e
|i 241aff8b-cd82-35b4-a5aa-dc029a98b801
|t 0
|
| 952 |
f |
f |
|p ric
|a Texas A&M University
|b Rellis Campus
|c Joint Library Facility
|d Remote Storage
|t 0
|e Z2514.U5 S7
|h Library of Congress classification
|i unmediated -- volume
|m A14832282376
|
| 998 |
f |
f |
|a Z2514.U5 S7
|t 0
|l Remote Storage
|